Compromisos nacionales de gestión. Bases para la coordinación y evaluación de la acción de Gobierno. (Registro nro. 11257)
[ vista simple ]
| 000 -CABECERA | |
|---|---|
| campo de control de longitud fija | 00579nam a22001817a 4500 |
| 001 - NÚMERO DE CONTROL | |
| campo de control | T027600010552 |
| 008 - DATOS DE LONGITUD FIJA--INFORMACIÓN GENERAL | |
| campo de control de longitud fija | 181111b xve|||||r|||| 00| | esp d |
| 099 ## - SIGNATURA TOPOGRÁFICA LOCAL | |
| Número de clasificación | IVP-D-05525 |
| Cutter | |
| 100 ## - ENTRADA PRINCIPAL--NOMBRE DE PERSONA | |
| Nombre de persona | Ministerio de Planificación y Desarrollo. Viceministerio de Planificación y Desarrollo |
| 245 ## - MENCIÓN DE TÍTULO | |
| Título | Compromisos nacionales de gestión. Bases para la coordinación y evaluación de la acción de Gobierno. |
| 260 ## - PUBLICACIÓN, DISTRIBUCIÓN, ETC. (PIE DE IMPRENTA) | |
| Lugar de publicación, distribución, etc. | s.f. |
| 300 ## - DESCRIPCIÓN FÍSICA | |
| Extensión | 9 p. |
| 500 ## - NOTA GENERAL | |
| Nota general | Impreso |
| 650 ## - PUNTO DE ACCESO ADICIONAL DE MATERIA--TÉRMINO DE MATERIA | |
| Término de materia o nombre geográfico como elemento inicial | Gestión |
| 650 ## - PUNTO DE ACCESO ADICIONAL DE MATERIA--TÉRMINO DE MATERIA | |
| Término de materia o nombre geográfico como elemento inicial | administración pública |
| 650 ## - PUNTO DE ACCESO ADICIONAL DE MATERIA--TÉRMINO DE MATERIA | |
| Término de materia o nombre geográfico como elemento inicial | políticas públicas |
| 942 ## - ELEMENTOS DE PUNTO DE ACCESO ADICIONAL (KOHA) | |
| Tipo de ítem Koha | Libro |
| Estado de retiro | Estado de pérdida | Estado dañado | No para préstamo | Código de colección | Localización permanente | Ubicación/localización actual | Ubicación en estantería | Fecha de adquisición | Total de préstamos | Signatura topográfica completa | Código de barras | Fecha visto por última vez | Precio válido a partir de | Tipo de ítem Koha |
|---|---|---|---|---|---|---|---|---|---|---|---|---|---|---|
| IVP | Oscar Varsavsky | Oscar Varsavsky | Caja N° 5 | 13.11.2018 | IVP-D-05525 | T027600013211 | 13.11.2018 | 13.11.2018 | Documento |